| 000 | 00627nam a22002057a 4500 | ||
|---|---|---|---|
| 999 |
_c3973 _d3973 |
||
| 003 | AR-CdUCM | ||
| 008 | 190307b ||||| |||| 00| 0 spa d | ||
| 040 |
_aMUNICIPALIDAD PROVINCIAL DEL CUSCO _cBIBLIOTECA MUNICIPAL DEL CUSCO |
||
| 082 |
_a869.56 / _bY81 |
||
| 100 |
_aYauri Montero, Marcos _96038 |
||
| 245 | _aNo preguntes quién ha muerto / | ||
| 260 |
_aLima : _bImpr. Centro de Proyección Cristiana, _c1989. |
||
| 300 |
_a223 páginas ; _c21 cm. |
||
| 650 |
_aNovelas peruanas _9545 |
||
| 650 |
_aNovelas históricas _99696 |
||
| 650 |
_aPerú _935 |
||
| 650 |
_aAncash _98362 |
||
| 942 |
_2ddc _cLIBROS |
||
| 945 | _admma | ||